Asamiya bhasa cintan/ (Record no. 10986)

MARC details
000 -LEADER
fixed length control field 00534cam a2200205ua 4500
005 - DATE AND TIME OF LATEST TRANSACTION
control field 20260515114844.0
008 - FIXED-LENGTH DATA ELEMENTS--GENERAL INFORMATION
fixed length control field 200320n ii |||gr||||Z||||||asm
020 ## - INTERNATIONAL STANDARD BOOK NUMBER
International Standard Book Number 9789382056102
040 ## - CATALOGING SOURCE
Transcribing agency MAIN
041 ## - LANGUAGE CODE
Language code of sung or spoken text asm
082 ## - DEWEY DECIMAL CLASSIFICATION NUMBER
Classification number 491.451
Item number KON
100 ## - MAIN ENTRY--PERSONAL NAME
Personal name Konwar, Arpana
Relator term author
245 ## - TITLE STATEMENT
Title Asamiya bhasa cintan/
Statement of responsibility, etc. By Arpana Konwar
250 ## - EDITION STATEMENT
Edition statement 1st ed.
260 ## - PUBLICATION, DISTRIBUTION, ETC.
Place of publication, distribution, etc. Dibrugarh:
Name of publisher, distributor, etc. Banalata,
Date of publication, distribution, etc. 2016.
300 ## - PHYSICAL DESCRIPTION
Extent 278p.
650 ## - SUBJECT ADDED ENTRY--TOPICAL TERM
Topical term or geographic name entry element Assamese language
653 ## - INDEX TERM--UNCONTROLLED
Uncontrolled term East Indo-European & Celtic languages
942 ## - ADDED ENTRY ELEMENTS (KOHA)
Koha item type Books
Source of classification or shelving scheme Dewey Decimal Classification
Holdings
Withdrawn status Lost status Damaged status Not for loan Home library Current library Shelving location Date acquired Total checkouts Full call number Barcode Date last seen Date last checked out Copy number Price effective from Koha item type Source of classification or shelving scheme Collection Cost, normal purchase price
        Naharkatiya College Library Naharkatiya College Library General stacks 09/19/2020 26 491.451Language | KON 28354 05/24/2025 04/05/2025 1 09/19/2020 Books      
        Naharkatiya College Library Naharkatiya College Library General stacks 09/20/2025   491.451 KON 31033 09/20/2025   2 09/20/2025 Books Dewey Decimal Classification   350.00
        Naharkatiya College Library Naharkatiya College Library General stacks 09/20/2025   491.451 KON 31034 09/20/2025   3 09/20/2025 Books Dewey Decimal Classification   350.00
        Naharkatiya College Library Naharkatiya College Library General stacks 09/20/2025   491.451 KON 31035 09/20/2025   4 09/20/2025 Books Dewey Decimal Classification   350.00